7 edades y estados: conferencias

Guardat en:
Dades bibliogràfiques
Autor corporatiu: Centro de Estudios y Planificación Misionera (Autor)
Format: Llibre
Idioma:espanyol
Publicat: Madrid El Perpetuo Socorro 1969
Edició:2a. ed
Col·lecció:Evangelización para Nuestro Tiempo
Matèries:
Etiquetes: Afegir etiqueta
Sense etiquetes, Sigues el primer a etiquetar aquest registre!

MARC

LEADER 00000cam a2200000 a 4500
001 UCD0607
003 CL-VaPUC
008 151204e19690000sp |||||||||||||||||spa|d
082 0 4 |a 268  |b CEN  |2 21 
110 2 |a Centro de Estudios y Planificación Misionera  |e author  |9 583565 
245 1 0 |a 7 edades y estados: conferencias 
250 |a 2a. ed 
300 |a 157 p 
942 |c BK 
945 |d 20151204 12:43:00  |a gsalatino 
260 |a Madrid  |b El Perpetuo Socorro  |c 1969 
650 7 |a EVANGELIZACION  |2 CL-VaPUC  |9 583566 
650 0 |a Catequesis  |9 314526 
583 |a last modification  |c 20151204 12:43:00  |k Rodrigo Vera 
490 0 |a Evangelización para Nuestro Tiempo 
999 |c 362070  |d 362068 
952 |0 0  |1 0  |3 erb  |4 0  |6 268_000000000000000_CEN_1969  |7 0  |8 P  |9 472934  |a BIBTEO  |b BIBTES  |c TEO_FTES  |i 5272181  |o 268 CEN 1969  |p 5272181  |r 2024-01-18  |w 2019-11-24  |y BK  |z Catalogado en:20151204  |k ICR